000 00982nam a2200277Ia 4500
003 GCL
008 140319s9999 xx 000 0 ara d
040 _aGCL /
_cGCL
082 0 4 _a953
_bط ف
100 1 _aطيب تيزنى
245 1 0 _aالفكر العربى فى بواكيره وافاقه الاولى الجزء الثانى /
_cطيب تيزنى
260 _a[S.N] :
_bدار دمشق للنشر والتوزيع والطباعة ،
_c1982
300 _a560ص
490 _aشركة الخدمات الشرقية المستقلة , المحدودة
_v0
650 0 4 _aالفلسفة الاسلامية
650 0 4 _aالعالم العربى
650 0 4 _aتاريخ
650 0 4 _aالجاهلية
650 0 4 _aالتاريخ الاسلامى
650 0 4 _aالعرب
650 0 4 _aالفلسفة العربية
650 0 4 _aالثقافة
650 0 4 _aالحضارة الاسلامية
650 0 4 _aالقومية العربية
942 _2ddc
_cBK
999 _c52361
_d52361